Normal view
MARC view
- Fayyaz, Hassan (BEE-58 / TCC-33)
Entry Personal Name
001 - CONTROL NUMBER
- control field: 131732
003 - CONTROL NUMBER IDENTIFIER
- control field: NUST
005 - DATE AND TIME OF LATEST TRANSACTION
- control field: 20251107163718.0
008 - FIXED-LENGTH DATA ELEMENTS
- fixed length control field: 251107|| aca||aabn | a|a d
040 ## - CATALOGING SOURCE
- Original cataloging agency: NUST
- Transcribing agency: NUST
100 ## - HEADING--PERSONAL NAME
- Personal name: Fayyaz, Hassan (BEE-58 / TCC-33)
670 ## - SOURCE DATA FOUND
- Source citation: Work cat.: (NUST)615321: Fayyaz, Hassan (BEE-58 / TCC-33), Poor Man’s dental diagnostics (PMaDD) /, 2025
